Filosofía contemporánea : estudios sobre el positivismo lógico y el existencialismo /

Guardado en:
Detalles Bibliográficos
Autor principal: Copleston, Frederick C. (autor)
Otros autores: Valentí Fiol, Eduardo (traducción) (traducción)
Formato: Libro
Idioma:Español
Publicado: Barcelona, España : Herder, 1959, c1959
Etiquetas: Agrega una etiqueta
Sin etiquetas, Sé el primero en etiquetar este registro!

MARC

LEADER 00000nam^a2200000^a^4500
001 000594205
005 20250521000000.0
009 20260310133022.348
037 |a Acervo Xavier Clavigero 
041 |a ESP 
091 |a FDU. 00131 
100 |a Copleston, Frederick C.  |e (autor) 
240 1 1 |a [Filosofía contemporánea, de Frederick C. Copleston] 
245 1 0 |a Filosofía contemporánea :  |b estudios sobre el positivismo lógico y el existencialismo / 
264 4 |a Barcelona, España :  |b Herder,  |c 1959, c1959 
300 |a 348 p. 
336 |a texto  |b txt  |2 rdacontenido 
337 |a sin mediación  |b n  |2 rdamedio 
338 |a volumen  |b nc  |2 rdasoporte 
649 |a XX 
700 |a Valentí Fiol, Eduardo  |e (traducción) 
910 |a Fondo Víctor Raúl Durana Valerio S.J. 
920 |a Impresos - Libros 
930 |a Fondos Especiales 
905 |a 116 
901 |a 594205-10  |b IT2  |c ESP  |i D5029  |u 20250521 
902 |a https://opac.biblio.iteso.mx/vufind/Record/000594205